Normal view
MARC view
Entry Topical Term
001 - CONTROL NUMBER
- control field: 39470
003 - CONTROL NUMBER IDENTIFIER
- control field: ARRUPE
005 - DATE AND TIME OF LATEST TRANSACTION
- control field: 20180220111147.0
008 - FIXED-LENGTH DATA ELEMENTS
- fixed length control field: 180220|| aca||aabn | a|a d
040 ## - CATALOGING SOURCE
- Original cataloging agency: ARRUPE
- Transcribing agency: ARRUPE
150 ## - HEADING--TOPICAL TERM
- Topical term or geographic name as entry element: Martyrs
- Geographic subdivision: Zimbabwe
670 ## - SOURCE DATA FOUND
- Source citation: Work cat.: (ARRUPE): Rogers, Ted 39469, Missionary martyrs of Rhodesia and Zimbabwe 1976-1988, 2017